Doctrinas y experiencia

Saved in:
Bibliografiske detaljer
Hovedforfatter: Vial E., Carlos A (Author)
Format: Bog
Sprog:spansk
Udgivet: Santiago Universitaria 1949
Fag:
Tags: Tilføj Tag
Ingen Tags, Vær først til at tagge denne postø!

MARC

LEADER 00000nam a2200000 a 4500
001 UCX7725
003 CL-VaPUC
005 20210430001756.0
008 931228e19490000cl 1 spa d
082 0 4 |a 983  |b VIA  |2 21 
100 1 |a Vial E., Carlos A  |e author  |9 616914 
245 1 0 |a Doctrinas y experiencia 
260 |a Santiago  |b Universitaria  |c 1949 
300 |a 68 p 
583 |a last modification  |c 19931228 00:00:00  |k Rodrigo Vera 
650 0 0 |a Economía   |9 255568 
651 7 |a CHILE  |2 CL-VaPUC  |9 616915 
942 |c BK 
945 |a aalvarez  |d 19931228 00:00:00 
546 |a En Español 
518 |p Conferencias dictadas en la Universidad de Concepción sobre temas economicos, 23 y 24 de junio, 1949 
999 |c 382183  |d 382181 
952 |0 0  |1 0  |4 0  |6 983_000000000000000_VIA_1949  |7 0  |8 X  |9 503750  |a BIBHIS  |b BIBHIS  |d 2020-01-23  |i 2956799  |o 983 VIA 1949  |p 2956799  |r 2024-01-30  |w 2020-01-23  |y BK_X  |k HIS